Municipalities of Shimane Prefecture - Statistics

General Stats
  • This quiz has been taken 287 times
  • The average score is 12 of 19
Answers on the Map
Answers color-coded by a green-red scale on the quiz's map according to % correct below.
 
Answer Stats
Answer % Correct
Matsue 松江
97%
Izumo 出雲
92%
Hamada 浜田
84%
Okinoshima 隠岐の島
83%
masuda 益田
77%
Oda 大田
75%
Unnan 雲南
68%
Yasugi 安来
67%
Okuizumo 奥出雲
65%
Tsuwano 津和野
65%
Gotsu 江津
61%
Chibu 知夫
59%
Nishinoshima 西ノ島
55%
Onan 邑南
53%
Ama 海士
52%
Iinan 飯南
51%
Kawamoto 川本
45%
Misato 美郷
45%
Yoshika 吉賀
45%
No matching quizzes found
Score Distribution
Percent of People with Each Score
Percentile by Number Answered
Your Score History
You have not taken this quiz